000 00657nam a2200205 i 4500
001 87728
003 ES-MaACL
005 20240605104732.0
007 t|
008 041223s1965 sp ||||1| cat d
100 0 _aLabiche, Eugène.
_969236
245 1 3 _aUn barret de palla d'Italia /
_cEugene Labiche ; versió catalana de Joan Oliver.
260 _aBarcelona :
_bOccitania,
_c[1965]
300 _a78 p. ;
_c21 cm.
490 1 _aAbans el cap que el barret ;
_v4
700 1 _aOliver, Joan,
_d1899-1986
_986815
830 0 _aAbans el cap que el barret ;
_v4
_9231795
852 _aES-MaACL
_jC-27262
_bR.56476
999 _c87728
_d87728